Visualizzazione normale
Vista MARC
- Beatles (The)
di Personal Name
Records bibliografici associati: 1
001 - CONTROL NUMBER
- control field: 22462
003 - CONTROL NUMBER IDENTIFIER
- control field: IT-RoPau
005 - DATE AND TIME OF LATEST TRANSACTION
- control field: 20140427223036.0
008 - FIXED-LENGTH DATA ELEMENTS
- fixed length control field: 140427|| aca||aabn | a|a d
040 ## - CATALOGING SOURCE
- Original cataloging agency: IT-RoPau
- Transcribing agency: IT-RoPau
100 ## - HEADING--PERSONAL NAME
- Personal name: Beatles (The)
- Miscellaneous information: Codice interprete SPICS: 9428
- Relator term: Interprete
670 ## - SOURCE DATA FOUND
- Source citation: Work cat.: (IT-RoPau)100249: Beatles (The) 22459, A Hard Day's Night